History of the American Economy

Salvato in:
Dettagli Bibliografici
Autore principale: Walton, Gary M.
Altri autori: Rockoff, Hugh
Natura: Libro
Lingua:inglese
Pubblicazione: San Diego Harcourt Brace Jovanovich, Publ. 1990
Edizione:6. ed.
Soggetti:
Tags: Aggiungi Tag
Nessun Tag, puoi essere il primo ad aggiungerne!!

MARC

LEADER 00000nam a2200000 4500
001 c021324
005 20221206122448.6
020 |a 0-15-536506-1 
041 0 |a eng 
044 |a US 
245 1 0 |a History of the American Economy  |c Gary M. Walton, Hugh Rockoff 
250 |a 6. ed. 
264 1 |a San Diego  |b Harcourt Brace Jovanovich, Publ.  |c 1990 
300 |a 687 s. 
610 2 0 |a USA 
610 2 0 |a história 
610 2 0 |a hospodárstvo národné 
610 2 0 |a aktivita hospodárska 
610 2 0 |a vývoj hospodársky 
610 2 0 |a trh vnútorný 
610 2 0 |a rozmach 
610 2 0 |a kríza hospodárska 
610 2 0 |a pokrok hospodársky 
610 2 0 |a situácia hospodárska 
610 2 0 |a rast hospodársky 
100 1 |a Walton, Gary M. 
700 1 |a Rockoff, Hugh